000
00298nam a22001217a 4500
020
_a
0-19-577127-3
082
_a
958.1 ROB'K
100
_a
ROBERTON, SIR GEORGE SCOTT
_9
79151
245
_a
THE KAFIRS OF THE HINDU KUSH
260
_a
LONDON
_b
LAWRANCE & BULLEN
_c
1974
300
_a
667P
942
_c
BK
999
_c
584213
_d
584213